| 000 | 00568nam a2200193Ia 4500 | ||
|---|---|---|---|
| 003 | GCL | ||
| 008 | 140319s9999 xx 000 0 ara d | ||
| 020 | _a1 470 85516 1 | ||
| 040 |
_aGCL / _cGCL |
||
| 082 | 0 | 4 |
_a811.09 _bا ا |
| 100 | 1 | _aادونيس | |
| 245 | 1 | 0 |
_aاول الجسد اخر البحر / _cادونيس |
| 250 | _aالثانية | ||
| 260 |
_aبيروت : _bدار الساقى ، _c2005 |
||
| 300 |
_a230 ص ؛ _c21 سم |
||
| 650 | 0 | 4 | _aالادب العربى |
| 650 | 0 | 4 | _aالشعر العربى - دواوين وقصائد |
| 942 |
_2ddc _cBK |
||
| 999 |
_c9911 _d9911 |
||